000 00466nam a2200181Ia 4500
005 20250326124702.0
008 250326s9999 xx 000 0 und d
037 _aTextbook
040 _aFMSL
_beng
_cFMSL
041 _aeng
_2eng
084 _aX:87 L96
_qFMSL
100 _aSiu R G H
_9126199
245 0 _aCraft of power
_cSiu R G H
260 _aNY
_bNY, John Wiley
_c1979
300 _a255p
942 _cTB
_hX:87 L96
999 _c1274744
_d1274744